000 00698nam a22001817a 4500
003 UA-OsUOA
001 11218
007 ta
008 20050304b un ||||| |||| 00| 0 ukr d
100 _aСебастіянська О.
942 _cSA
040 _aUA-OsUOA
_cUA-OsUOA
_dUA-OsUOA
245 _a"Палій"
_b[Про "Палія" (Василя Коренюка), заст. командира розвідув. від. групи УПА "Богун", уродженця с. Уїздці Здолбунів. р-ну]
300 _aС.3
955 _a0
773 0 _w0
_tВісті Рівненщини
_dРівне
_d2005
_g№17/2 берез./
650 7 _aІсторія
_2UDC
999 _c297379
_d297379